[Event "IND-chB (Women) 38th"]
[Site "Chennai"]
[Date "2011.07.02"]
[Round "1"]
[White "Michelle, Catherina P"]
[Black "Sushmitha, G."]
[Result "1-0"]
[WhiteElo "2052"]
[BlackElo "1651"]
[PlyCount "41"]
[EventDate "2011.07.02"]
[EventType "swiss"]
[EventRounds "11"]
[EventCountry "IND"]
[SourceTitle "CBM 143 Extra"]
[Source "ChessBase"]
[SourceDate "2011.08.29"]
[SourceVersion "1"]
[SourceVersionDate "2011.08.29"]
[SourceQuality "1"]

1. e4 c5 2. Nf3 d6 3. d4 cxd4 4. Nxd4 Nf6 5. Nc3 a6 6. h3 e6 7. g4 b5 8. Bg2 Bb7 9. 0-0 Be7 10. e5 Nd5 11. Nxd5 exd5 12. exd6 Bxd6 13. Nf5 Rg8 14. Bg5 f6 15. Re1+ Kf8 16. Qe2 Be5 17. Qxe5 fxg5 18. Nd6 Nd7 19. Qe6 Qf6 20. Qe8+ Rxe8 21. Rxe8# 1-0

[Event "IND-ch U15 Girls"]
[Site "New Delhi"]
[Date "2010.09.10"]
[Round "9"]
[White "Sushmitha, G."]
[Black "Meghna, CH."]
[Result "1/2-1/2"]
[WhiteElo "1622"]
[BlackElo "1717"]
[PlyCount "64"]
[EventDate "2010.09.04"]
[EventType "swiss"]
[EventRounds "11"]
[EventCountry "IND"]
[SourceTitle "CBM 138 Extra"]
[Source "ChessBase"]
[SourceDate "2010.10.29"]
[SourceVersion "1"]
[SourceVersionDate "2010.10.29"]
[SourceQuality "1"]

1. e4 e6 2. d4 d5 3. Nd2 c5 4. exd5 Qxd5 5. Ngf3 cxd4 6. Bc4 Qd6 7. 0-0 Nf6 8. Nb3 Nc6 9. Nbxd4 Nxd4 10. Nxd4 a6 11. Nf3 Qc7 12. Qe2 Bd6 13. Bg5 Bd7 14. Rfe1 0-0-0 15. c3 Bc6 16. Ne5 Bxe5 17. Qxe5 Rhg8 18. Qxc7+ Kxc7 19. Bf4+ Kc8 20. a4 Nd5 21. Bxd5 Rxd5 22. b4 b6 23. b5 axb5 24. axb5 Rxb5 25. Ra7 Bb7 26. c4 Rb4 27. Rc1 Rd8 28. Be3 Kb8 29. Raa1 e5 30. c5 Rc8 31. cxb6 Rbc4 32. Re1 f6 1/2-1/2

[Event "Asia-ch U20 Girls"]
[Site "Chennai"]
[Date "2008.12.06"]
[Round "1"]
[White "Meenu, Rajendran"]
[Black "Sushmitha, G."]
[Result "1-0"]
[WhiteElo "1977"]
[BlackElo "1558"]
[PlyCount "58"]
[EventDate "2008.12.05"]
[EventType "swiss"]
[EventRounds "9"]
[EventCountry "IND"]
[SourceTitle "CBM 127 Extra"]
[Source "ChessBase"]
[SourceDate "2009.01.08"]
[SourceVersion "2"]
[SourceVersionDate "2009.01.28"]
[SourceQuality "1"]

1. e4 c5 2. Nc3 d6 3. f4 e6 4. Nf3 Ne7 5. Bc4 g6 6. d3 Bg7 7. 0-0 0-0 8. Qe1 Nec6 9. f5 Bf6 10. Bh6 Re8 11. fxe6 Bxe6 12. Bxe6 fxe6 13. Qg3 Nd4 14. Nxd4 Bxd4+ 15. Kh1 Nc6 16. Rab1 Be5 17. Qg4 Nd4 18. Rf2 Bg7 19. Bxg7 Kxg7 20. Rbf1 Re7 21. Qf4 Kg8 22. Nd1 Rc8 23. Ne3 Rcc7 24. Ng4 Rf7 25. Nh6+ Kg7 26. Nxf7 Qd7 27. Qh6+ Kg8 28. Ne5 Nf5 29. Nxd7 Rxd7 1-0